Getting real (Record no. 84692)

MARC details
000 -LEADER
fixed length control field 00536cab a22001695a 4500
001 - CONTROL NUMBER
control field L158774
008 - FIXED-LENGTH DATA ELEMENTS--GENERAL INFORMATION
fixed length control field 150717e2015 xxk 000 0 eng d
035 ## - SYSTEM CONTROL NUMBER
System control number (Sirsi) u158774
041 0# - LANGUAGE CODE
Language code of text/sound track or separate title eng
100 1# - MAIN ENTRY--PERSONAL NAME
Personal name Stewart, Graham
245 00 - TITLE STATEMENT
Title Getting real
490 ## - SERIES STATEMENT
Series statement Construction news BIM insert
Volume/sequential designation (7409) 17 July 2015, (14-15)
520 ## - SUMMARY, ETC.
Summary, etc. While many firms set out BIM's benefits on paper, more real-world examples need to be put to clients. Graham Stewart reports.
651 #4 - SUBJECT ADDED ENTRY--GEOGRAPHIC NAME
Geographic name United Kingdom
Chronological subdivision
690 ## - LOCAL SUBJECT ADDED ENTRY--TOPICAL TERM (OCLC, RLIN)
Topical term or geographic name as entry element BIM
9 (RLIN) 6219
942 ## - ADDED ENTRY ELEMENTS (KOHA)
Suppress in OPAC 0
Holdings
Withdrawn status Lost status Source of classification or shelving scheme Damaged status Not for loan Home library Current library Shelving location Date acquired Total Checkouts Full call number Barcode Date last seen Copy number Price effective from Koha item type
    Dewey Decimal Classification     London London Journals 17/07/2015   L158774 158774-1001 06/08/2019 1 06/08/2019 Journal article